Proč vznikají rozdílné výsledky v základním a vnitropodnikovém účetnictví v podmínkách tržního hospodářství.
Vymedzenie a funkcie základného účtovníctva (ZÚ) a vnútropodnikového účtovníctva (VPÚ). Vymedzenie objektov zachytených vo VPÚ. Jednokruhové a dvojkruhové účtovníctvo. Vonkajšie príčiny vzniku rozdielov medzi ZÚ a VPÚ. Vplyv inflácie. Základné typy rozdielov medzi ZÚ a VPÚ.
Uložené v:
| Hlavný autor: | |
|---|---|
| Médium: | Kapitola |
| Jazyk: | Czech |
| Predmet: | |
| Tagy: |
Žiadne tagy, Buďte prvý, kto otaguje tento záznam!
|
MARC
| LEADER | 00000naa a2200000 4500 | ||
|---|---|---|---|
| 001 | r004295 | ||
| 005 | 20221125081453.6 | ||
| 041 | 0 | |a cze | |
| 044 | |a [CS] | ||
| 245 | 1 | 0 | |a Proč vznikají rozdílné výsledky v základním a vnitropodnikovém účetnictví v podmínkách tržního hospodářství. |c R. Schroll |
| 520 | |a Vymedzenie a funkcie základného účtovníctva (ZÚ) a vnútropodnikového účtovníctva (VPÚ). Vymedzenie objektov zachytených vo VPÚ. Jednokruhové a dvojkruhové účtovníctvo. Vonkajšie príčiny vzniku rozdielov medzi ZÚ a VPÚ. Vplyv inflácie. Základné typy rozdielov medzi ZÚ a VPÚ. | ||
| 610 | 2 | 0 | |a účtovníctvo základné |
| 610 | 2 | 0 | |a účtovníctvo vnútropodnikové |
| 610 | 2 | 0 | |a inflácia |
| 610 | 2 | 0 | |a kalkulácia |
| 610 | 2 | 0 | |a rozpočtovníctvo |
| 610 | 2 | 0 | |a náklady |
| 610 | 2 | 0 | |a výsledok hospodársky |
| 610 | 2 | 0 | |a zisk podnikový |
| 610 | 2 | 0 | |a strata |
| 100 | 1 | |a Schroll, R. | |